TH-MS-Graphene Oxide based Electrochemical Biosensor for Timely Diagnosis of Rheumatoid Arthritis (Record no. 480759)
[ view plain ]
| 000 -LEADER | |
|---|---|
| fixed length control field | 00631nam a22001937a 4500 |
| 003 - CONTROL NUMBER IDENTIFIER | |
| control field | ASAB |
| 005 - DATE AND TIME OF LATEST TRANSACTION | |
| control field | 20180827062822.0 |
| 008 - FIXED-LENGTH DATA ELEMENTS--GENERAL INFORMATION | |
| fixed length control field | 180330t xxu||||| |||| 00| 0 eng d |
| 040 ## - CATALOGING SOURCE | |
| Transcribing agency | ASAB |
| 082 ## - DEWEY DECIMAL CLASSIFICATION NUMBER | |
| Classification number | Thesis 2016 ZA |
| 100 ## - MAIN ENTRY--PERSONAL NAME | |
| Personal name | Zain ul Arfeen-sup- Dr. Shah Rukh Abbas |
| 9 (RLIN) | 3591 |
| 245 ## - TITLE STATEMENT | |
| Title | TH-MS-Graphene Oxide based Electrochemical Biosensor for Timely Diagnosis of Rheumatoid Arthritis |
| Statement of responsibility, etc. | Zain ul Arfeen-sup- Dr. Shah Rukh Abbas |
| 250 ## - EDITION STATEMENT | |
| Edition statement | 2016 |
| 260 ## - PUBLICATION, DISTRIBUTION, ETC. | |
| Place of publication, distribution, etc. | Islamabad. |
| Name of publisher, distributor, etc. | ASAB NUST |
| Date of publication, distribution, etc. | 2016 |
| 300 ## - PHYSICAL DESCRIPTION | |
| Extent | xiii, 69 P |
| 630 ## - SUBJECT ADDED ENTRY--UNIFORM TITLE | |
| Uniform title | Industrial Biotechnology |
| 9 (RLIN) | 3592 |
| 630 ## - SUBJECT ADDED ENTRY--UNIFORM TITLE | |
| Uniform title | Rheumatoid Arthritis |
| 9 (RLIN) | 3593 |
| 942 ## - ADDED ENTRY ELEMENTS (KOHA) | |
| Source of classification or shelving scheme | |
| Koha item type | |
| Withdrawn status | Lost status | Source of classification or shelving scheme | Damaged status | Not for loan | Permanent Location | Current Location | Date acquired | Total Checkouts | Full call number | Barcode | Date last seen | Price effective from | Koha item type | Shelving location |
|---|---|---|---|---|---|---|---|---|---|---|---|---|---|---|
| Atta-ur-Rahman School of Applied Biosciences (ASAB) | Atta-ur-Rahman School of Applied Biosciences (ASAB) | 03/30/2018 | Thesis 2016 ZA | ASABMS-34-16 | 03/30/2018 | 03/30/2018 | ||||||||
| Central Library (CL) | Central Library (CL) | 01/28/2020 | 660 | CL-T-4803 | 01/28/2020 | 01/28/2020 | Thesis | Thesis |
